A vision for sustainability (Record no. 115761)

MARC details
000 -LEADER
fixed length control field 01046cam a22001815a 4500
001 - CONTROL NUMBER
control field L159244
008 - FIXED-LENGTH DATA ELEMENTS--GENERAL INFORMATION
fixed length control field 070404s2013 xxko f 000 0 eng d
035 ## - SYSTEM CONTROL NUMBER
System control number (Sirsi) u159244
041 0# - LANGUAGE CODE
Language code of text/sound track or separate title eng
110 2# - MAIN ENTRY--CORPORATE NAME
Corporate name or jurisdiction name as entry element Royal Institution of Chartered Surveyors
9 (RLIN) 4900
245 02 - TITLE STATEMENT
Title A vision for sustainability
Remainder of title RICS corporate responsibility report
-- November 2013
Medium [electronic resource]
260 ## - PUBLICATION, DISTRIBUTION, ETC.
Place of publication, distribution, etc. London
Name of publisher, distributor, etc. RICS
Date of publication, distribution, etc. 2013
505 2# - FORMATTED CONTENTS NOTE
Formatted contents note A word from the CEO -- Work in the area of human rights -- Work in the area of labour -- Work in the area of environment -- Work in the area of community engagement -- Work in the area of anti-corruption -- Work in the area of knowledge and capacity building -- Work in the area of communication and stakeholder engagement -- Work with the UN and stakeholder engagement -- Work ahead: our plan for 2013/2014
651 #4 - SUBJECT ADDED ENTRY--GEOGRAPHIC NAME
Geographic name England and Wales
Chronological subdivision 1543-
690 ## - LOCAL SUBJECT ADDED ENTRY--TOPICAL TERM (OCLC, RLIN)
Topical term or geographic name as entry element ABOUT RICS
856 48 - ELECTRONIC LOCATION AND ACCESS
Uniform Resource Identifier <a href="https://www.rics.org/Global/corporate_responsibility_2013final_asn.pdf">https://www.rics.org/Global/corporate_responsibility_2013final_asn.pdf</a>
Public note View the item free of charge at www.rics.org...
942 ## - ADDED ENTRY ELEMENTS (KOHA)
Suppress in OPAC 0
Holdings
Withdrawn status Lost status Source of classification or shelving scheme Damaged status Not for loan Home library Current library Shelving location Date acquired Total Checkouts Full call number Barcode Date last seen Copy number Price effective from Koha item type
    Dewey Decimal Classification     Virtual Virtual Online 24/03/2016   ONLINE PUBLICATION 159244-2001 06/08/2019 1 06/08/2019 Book